[Event "Sabadell op-B 10th"]
[Site "Sabadell"]
[Date "2017.09.03"]
[Round "3"]
[White "Rodriguez Arrieta, Maria Elena"]
[Black "Campos Cayuelas, Adria"]
[Result "1-0"]
[WhiteElo "1950"]
[BlackElo "2096"]
[PlyCount "47"]
[EventDate "2017.09.01"]
[EventType "swiss"]
[EventRounds "9"]
[EventCountry "ESP"]
[SourceTitle "EXT 2019"]
[Source "ChessBase"]
[SourceDate "2018.10.10"]
[SourceVersion "1"]
[SourceVersionDate "2018.10.10"]
[SourceQuality "1"]

1. e4 c5 2. Nf3 d6 3. d4 cxd4 4. Nxd4 Nf6 5. Nc3 g6 6. Be3 Bg7 7. f3 0-0 8. Qd2 Nc6 9. 0-0-0 Nxd4 10. Bxd4 Be6 11. Kb1 Qc7 12. Nd5 Bxd5 13. exd5 Rfc8 14. Rc1 a6 15. g4 b5 16. g5 Nd7 17. Bxg7 Kxg7 18. h4 Qc5 19. Bh3 Rc7 20. Bxd7 Rxd7 21. h5 e6 22. dxe6 fxe6 23. hxg6 hxg6 24. Qh2 1-0

[Event "Barbera del Valles op 40th"]
[Site "Barbera del Valles"]
[Date "2017.07.12"]
[Round "9"]
[White "Campos Cayuelas, Adria"]
[Black "Miranda Llanes, Yerisbel"]
[Result "0-1"]
[WhiteElo "2078"]
[BlackElo "2285"]
[PlyCount "66"]
[EventDate "2017.07.04"]
[EventType "swiss"]
[EventRounds "9"]
[EventCountry "ESP"]
[SourceTitle "EXT 2018"]
[Source "ChessBase"]
[SourceDate "2017.10.13"]
[SourceVersion "1"]
[SourceVersionDate "2017.10.13"]
[SourceQuality "1"]

1. e4 e5 2. Nf3 Nc6 3. d4 exd4 4. Bc4 Nf6 5. 0-0 Nxe4 6. Re1 d5 7. Bxd5 Qxd5 8. Nc3 Qa5 9. Nxe4 Be6 10. Neg5 0-0-0 11. Nxe6 fxe6 12. Rxe6 Bd6 13. Bg5 Rdf8 14. Qe2 a6 15. a3 Kb8 16. Bd2 Qf5 17. Qe4 Qh5 18. h3 Nd8 19. Rxd6 cxd6 20. Bb4 Rf6 21. Nxd4 Re8 22. Qd3 Nf7 23. Qb3 Qh4 24. Nc6+ Ka8 25. g3 Qe4 26. Na5 Ng5 27. Re1 Nxh3+ 28. Kh2 Rxf2+ 29. Kxh3 Qf5+ 30. g4 Rf3+ 31. Kh2 Qf4+ 32. Kh1 Rxe1+ 33. Bxe1 Rxb3 0-1